100 Biggest Cities in Guatemala with a Map - Statistics

General Stats
  • This quiz has been taken 386 times
  • The average score is 11 of 100
Answers on the Map
Answers color-coded by a green-red scale on the quiz's map according to % correct below.
 
Answer Stats
Population City % Correct
923,392 Guatemala City
98%
180,706 Quetzaltenango
49%
38,186 Flores
41%
117,818 Huehuetenango
33%
463,019 Mixco
31%
212,047 Cobán
30%
100,593 Puerto Barrios
30%
426,316 Villa Nueva
28%
156,313 Escuintla
26%
23,887 San José
26%
96,985 Chimaltenango
25%
46,054 Antigua Guatemala
24%
159,840 Jalapa
24%
47,063 San Marcos
23%
17,923 Livingston
22%
145,880 Jutiapa
21%
60,370 Zacapa
20%
111,505 Chiquimula
19%
90,505 Retalhuleu
17%
88,612 Sololá
17%
103,952 Totonicapán
17%
71,394 Chichicastenango
14%
77,431 Mazatenango
14%
98,176 Amatitlán
13%
65,275 Salamá
13%
155,965 San Juan Sacatepéquez
13%
129,124 Petapa
11%
34,788 San Benito
11%
78,279 Santa Cruz del Quiché
11%
124,680 Villa Canales
11%
104,972 Chinautla
10%
62,095 Palín
10%
20,489 El Estor
9%
23,820 La Libertad
9%
23,855 Morales
9%
16,768 San Pablo
9%
37,330 Coatepeque
8%
41,359 Cuilapa
8%
29,130 Poptún
8%
67,327 San José Pinula
8%
24,821 Guastatoya
7%
23,358 Alotenango
6%
18,667 Esquipulas
6%
22,068 Panzós
6%
20,976 Sanarate
6%
20,723 San Lucas Sacatepéquez
6%
36,932 | 49,589 San Pedro Sacatepéquez
6%
70,982 Santa Catarina Pinula
6%
58,877 Santa Lucía Cotzumalguapa
6%
28,488 Sumpango
6%
20,936 Asunción Mita
5%
17,166 Barillas
5%
35,825 Cantel
5%
32,802 Ciudad Vieja
5%
44,117 Fraijanes
5%
19,280 Jocotenango
5%
31,935 Nebaj
5%
31,545 Olintepeque
5%
31,824 Palencia
5%
26,632 Patzún
5%
17,042 Salcajá
5%
20,961 San Cristóbal Verapaz
5%
17,172 Santa Bárbara
5%
20,552 Santa Catalina la Tinta
5%
24,100 Santiago Sacatepéquez
5%
34,519 Tecpán Guatemala
5%
47,093 Barberena
4%
22,533 Jacaltenango
4%
23,635 Nahualá
4%
18,606 Nentón
4%
20,763 Ostuncalco
4%
21,249 Patzicía
4%
17,360 San Felipe
4%
38,995 San Francisco El Alto
4%
48,727 San Pedro Ayampuc
4%
38,100 Santiago Atitlán
4%
29,193 Tiquisate
4%
23,574 Ayutla
3%
24,247 Chajul
3%
26,309 Chicacao
3%
18,848 Chiquimulilla
3%
28,655 Colomba
3%
32,312 Comalapa
3%
23,146 La Democracia
3%
19,724 La Esperanza
3%
26,533 La Gomera
3%
16,797 Masagua
3%
22,657 Nuevo San Carlos
3%
24,992 San Andrés Itzapa
3%
18,468 San Francisco Zapotitlán
3%
17,101 San Lucas Tolimán
3%
19,560 Santa Catarina Ixtahuacan
3%
21,795 Santa María de Jesús
3%
17,388 El Asintal
2%
17,728 San Agustín Acasaguastlán
2%
16,872 San Pablo Jocopilas
2%
18,150 Siquinalá
2%
17,021 Yepocapa
2%
19,115 El Nuevo Palmar
1%
No matching quizzes found
Score Distribution
Percent of People with Each Score
Percentile by Number Answered
Your Score History
You have not taken this quiz